[Event "13. Sparkassen Open 2014 - Gruppe B"]
[Site "Forchheim"]
[Date "2014.10.04"]
[Round "3.8"]
[White "Wieczorek, Heinz"]
[Black "Siegl, Melina"]
[Result "0-1"]
[WhiteElo "1825"]
[BlackElo "1909"]
[PlyCount "58"]
[EventDate "2014.??.??"]

1. e4 c5 2. Nf3 e6 3. d4 cxd4 4. Nxd4 Nf6 5. Nc3 d6 6. Be2 a6 7. a4 Qc7 8. f4
Nbd7 9. a5 b5 10. axb6 Nxb6 11. O-O Bb7 12. Bf3 Be7 13. Nb3 Nc4 14. g4 Qb6+ 15.
Rf2 Nd7 16. Qd4 Bh4 17. Qxb6 Ndxb6 18. Rf1 O-O 19. Na5 Nxa5 20. Rxa5 Nc4 21.
Ra4 Rac8 22. Be2 d5 23. Rf3 Bf6 24. exd5 exd5 25. Rh3 Rfe8 26. Kf1 g6 27. Bd3
Rc7 28. b3 Nb6 29. Nxd5 Nxd5 0-1

[Event "13. Sparkassen Open 2014 - Gruppe B"]
[Site "Forchheim"]
[Date "2014.10.04"]
[Round "3.10"]
[White "Reinfelder, Fabian"]
[Black "Kilian, Markus"]
[Result "1-0"]
[WhiteElo "1854"]
[BlackElo "2017"]
[PlyCount "133"]
[EventDate "2014.??.??"]

1. d4 Nf6 2. Nf3 g6 3. Bf4 Bg7 4. e3 O-O 5. Be2 d6 6. h3 Nfd7 7. c3 e5 8. dxe5
dxe5 9. Bh2 Nc6 10. Nbd2 Qe7 11. O-O f5 12. Bc4+ Kh8 13. Re1 Nb6 14. Bf1 Be6
15. Qc2 a5 16. a4 Rad8 17. Rad1 g5 18. Bb5 Bd7 19. Nc4 Nxc4 20. Bxc4 g4 21.
hxg4 fxg4 22. Nd2 Bf5 23. Qb3 Rd6 24. Bd5 Rh6 25. Bg3 Qe8 26. Nf1 Qg6 27. Qxb7
Rb8 28. Qxc7 Rc8 29. Qf7 Qxf7 30. Bxf7 Bc2 31. Ra1 Rb8 32. Re2 Bd3 33. Rd2 Ba6
34. Nh2 Bc8 35. Rad1 Bf5 36. Bd5 Ne7 37. e4 Bd7 38. Bf7 Be8 39. Bxe8 Rxe8 40.
Rd8 Rg8 41. Rxg8+ Kxg8 42. Rd8+ Kf7 43. Nxg4 Re6 44. Kf1 h5 45. Ne3 Bf6 46. Nd5
h4 47. Bh2 Bg5 48. Rb8 Nc6 49. Rb7+ Kg6 50. Ke2 Kh5 51. Ne3 Rg6 52. Rh7+ Bh6
53. f4 exf4 54. Bxf4 Nd8 55. Kf3 Ne6 56. Rxh6+ Rxh6 57. Bxh6 Kxh6 58. Nc4 Nc5
59. Kg4 Nxe4 60. Kxh4 Nc5 61. Nxa5 Nxa4 62. Nc4 Kg6 63. Kg4 Kf6 64. Kf4 Ke6 65.
g4 Kd5 66. Ne3+ Ke6 67. Nd1 1-0

[Event "13. Sparkassen Open 2014 - Gruppe B"]
[Site "Forchheim"]
[Date "2014.10.04"]
[Round "3.11"]
[White "Lais, Thomas"]
[Black "Hoffmann, Sebastian"]
[Result "1/2-1/2"]
[WhiteElo "1962"]
[BlackElo "1713"]
[PlyCount "63"]
[EventDate "2014.??.??"]

1. e4 e5 2. Nf3 Nc6 3. Bb5 a6 4. Ba4 d6 5. O-O Bg4 6. h3 h5 7. d3 Qf6 8. Bxc6+
bxc6 9. Re1 Bxf3 10. Qxf3 Qxf3 11. gxf3 Ne7 12. f4 Ng6 13. fxe5 Nxe5 14. Kg2
Be7 15. Be3 Bf6 16. Nd2 Rb8 17. Rab1 g5 18. Nf3 Nxf3 19. Kxf3 Rxb2 20. Rxb2
Bxb2 21. Rb1 Bf6 22. Rb8+ Kd7 23. Rxh8 Bxh8 24. Bxg5 Be5 25. Be3 c5 26. Kg2 Kc6
27. f4 Bf6 28. c4 Kd7 29. Kg3 Ke6 30. Bd2 c6 31. Be3 Be7 32. Kf3 1/2-1/2

[Event "13. Sparkassen Open 2014 - Gruppe B"]
[Site "Forchheim"]
[Date "2014.10.04"]
[Round "3.13"]
[White "Adler, Herbert"]
[Black "Mantel, Hubert"]
[Result "1-0"]
[WhiteElo "2010"]
[BlackElo "1653"]
[PlyCount "63"]
[EventDate "2014.??.??"]

1. d4 e6 2. c4 d5 3. Nf3 f5 4. g3 c6 5. b3 Nf6 6. Bg2 Bd6 7. O-O O-O 8. Qc2 Ne4
9. Nbd2 Nd7 10. e3 Qe8 11. Ne1 Qh5 12. Nd3 g5 13. Rd1 Rf6 14. Nf1 Rh6 15. f4
Ndf6 16. Bb2 Ng4 17. Bf3 Nxe3 18. Qe2 g4 19. Qxe3 gxf3 20. Nf2 Rg6 21. Rd3 Qh4
22. Qxf3 Bxf4 23. Qg2 Qh5 24. Qf3 Qh6 25. Qd1 Bd7 26. Bc1 Kf7 27. Rf3 Bxc1 28.
Qxc1 Ng5 29. Rf4 Nh3+ 30. Nxh3 Qxh3 31. Kf2 Rag8 32. Rh4 1-0

[Event "13. Sparkassen Open 2014 - Gruppe B"]
[Site "Forchheim"]
[Date "2014.10.04"]
[Round "3.14"]
[White "Weidenhöfer, Robert"]
[Black "Heilmann, Karl Ludwig"]
[Result "0-1"]
[WhiteElo "1771"]
[BlackElo "1640"]
[PlyCount "97"]
[EventDate "2014.??.??"]

1. b3 Nf6 2. Bb2 c5 3. g3 Nc6 4. Bg2 d5 5. Nf3 e6 6. O-O Bd6 7. d3 O-O 8. Nbd2
e5 9. c4 d4 10. Ng5 Be7 11. Nge4 Nxe4 12. Nxe4 f5 13. Nd2 Be6 14. Ba3 Qd7 15.
f4 Rac8 16. fxe5 Nxe5 17. Nf3 Ng4 18. Bc1 h6 19. h3 Nf6 20. Ne5 Qc7 21. Ng6 Rf7
22. Nf4 Bd7 23. Qe1 Bd6 24. Kh2 Kh7 25. Nd5 Nxd5 26. Bxd5 Rf6 27. Bf4 Bxf4 28.
Rxf4 Re8 29. Rf2 Re3 30. Rf3 f4 31. Rxe3 fxe3 32. Bf3 Bc6 33. Qh1 Bxf3 34. exf3
Qc6 35. f4 Qxh1+ 36. Kxh1 g5 37. Rf1 gxf4 38. gxf4 Kg7 39. Kg2 Kg6 40. Kf3 Kf5
41. Re1 Rg6 42. Rf1 h5 43. Re1 h4 44. Rh1 Rg3+ 45. Ke2 Rg2+ 46. Kf1 Rxa2 47.
Rg1 Ra1+ 48. Kg2 Rxg1+ 49. Kxg1 0-1

[Event "13. Sparkassen Open 2014 - Gruppe B"]
[Site "Forchheim"]
[Date "2014.10.04"]
[Round "3.15"]
[White "Wiesner, Frank"]
[Black "Krenz, Hartmut"]
[Result "1-0"]
[WhiteElo "1980"]
[BlackElo "1547"]
[PlyCount "73"]
[EventDate "2014.??.??"]

1. c4 g6 2. Nc3 Bg7 3. e4 d6 4. d3 c6 5. Be2 Nd7 6. Bd2 Ngf6 7. g4 O-O 8. f4 e6
9. h4 Re8 10. g5 Nh5 11. Bxh5 gxh5 12. Qxh5 Nf8 13. Qf3 d5 14. cxd5 exd5 15. e5
Bf5 16. Nge2 Qd7 17. Rg1 Ne6 18. O-O-O Rac8 19. Be1 d4 20. Ne4 Nc7 21. Nd6 c5
22. Nxc8 Qxc8 23. h5 Na6 24. Kb1 Rd8 25. Rc1 Qd7 26. Ka1 b6 27. h6 Bf8 28. Ng3
Be6 29. f5 Bd5 30. Ne4 Qa4 31. Nf6+ Kh8 32. Nxd5 Qc6 33. g6 Bxh6 34. Qh5 Qxd5
35. Qxh6 fxg6 36. fxg6 Qb7 37. Bh4 1-0

[Event "13. Sparkassen Open 2014 - Gruppe B"]
[Site "Forchheim"]
[Date "2014.10.04"]
[Round "3.16"]
[White "Krasotin, Valentin"]
[Black "Meulner, Fabian"]
[Result "1/2-1/2"]
[WhiteElo "1656"]
[BlackElo "1939"]
[PlyCount "43"]
[EventDate "2014.??.??"]

1. e4 g6 2. d4 Bg7 3. c4 d6 4. Nc3 Nf6 5. f3 O-O 6. Be3 Nc6 7. Qd2 Bd7 8. O-O-O
a6 9. g4 h5 10. h3 Be8 11. Nge2 b5 12. Nf4 e5 13. dxe5 Nxe5 14. Qf2 bxc4 15.
gxh5 g5 16. h6 Bxh6 17. Nfd5 Nxd5 18. Nxd5 f5 19. h4 fxe4 20. hxg5 Bg7 21. Qh4
Bg6 22. Bh3 1/2-1/2

[Event "13. Sparkassen Open 2014 - Gruppe B"]
[Site "Forchheim"]
[Date "2014.10.04"]
[Round "3.17"]
[White "Gentner, Markus"]
[Black "Scheuerer, Werner"]
[Result "1-0"]
[WhiteElo "1988"]
[BlackElo "1936"]
[PlyCount "59"]
[EventDate "2014.??.??"]

1. Nf3 f5 2. e4 fxe4 3. Ng5 Nf6 4. d3 e6 5. dxe4 h6 6. Nh3 e5 7. Bc4 d6 8. Ng1
Qe7 9. Nc3 Bg4 10. Nge2 Be6 11. Bb3 Bxb3 12. axb3 Nc6 13. O-O Qf7 14. Qd3 Rd8
15. Nd5 a6 16. Bd2 Nxd5 17. exd5 Ne7 18. Nc3 Qf5 19. Ne4 Qf7 20. c4 Ng6 21. g3
Be7 22. f4 Bf6 23. fxe5 dxe5 24. Rf2 Ne7 25. Raf1 Ng8 26. Bb4 b6 27. Qe3 Qg6
28. Nxf6+ gxf6 29. Rxf6 Nxf6 30. Qxe5+ 1-0

[Event "13. Sparkassen Open 2014 - Gruppe B"]
[Site "Forchheim"]
[Date "2014.10.04"]
[Round "3.18"]
[White "Halfmann, Peter"]
[Black "Luther, Helmut"]
[Result "0-1"]
[WhiteElo "1862"]
[BlackElo "1992"]
[PlyCount "142"]
[EventDate "2014.??.??"]

1. d4 g6 2. e4 Bg7 3. f4 d6 4. Be3 c5 5. Nc3 cxd4 6. Bxd4 Nf6 7. Bd3 Nc6 8. Bf2
O-O 9. h3 a6 10. g4 b5 11. Qd2 Bb7 12. Nge2 Rc8 13. Ng3 Nd7 14. a3 Nc5 15. O-O
Nxd3 16. cxd3 Nd4 17. Bxd4 Bxd4+ 18. Kh2 e6 19. Nce2 Bg7 20. Rac1 Qb6 21. d4
Rxc1 22. Rxc1 Re8 23. h4 e5 24. fxe5 dxe5 25. d5 Qf2+ 26. Kh3 Bc8 27. Rf1 Qa7
28. h5 Qd7 29. Nf5 gxf5 30. gxf5 Qd6 31. Qg5 Qh6 32. Rg1 Qxg5 33. Rxg5 f6 34.
Rg1 Kf8 35. Rc1 Bd7 36. Rc7 Ke7 37. Ra7 Rc8 38. Rxa6 Kd8 39. Nc3 Rb8 40. h6
Bxh6 41. Rxf6 Bg5 42. Rf7 h6 43. Rf8+ Kc7 44. Rf7 Bc1 45. a4 bxa4 46. Nxa4 Be3
47. Kg4 Rb4 48. Nc3 Rxb2 49. Rf6 Rb3 50. d6+ Kc6 51. Nd5 Bg5 52. Rg6 Rb1 53.
Kf3 Be8 54. d7+ Kxd7 55. Nf6+ Bxf6 56. Rxf6 Rb3+ 57. Kf2 h5 58. Re6 Rb5 59. Kg3
Bf7 60. Rh6 Ke7 61. Kf3 Rb3+ 62. Ke2 Rb7 63. Kf3 Rd7 64. Rb6 Rd6 65. Rb7+ Kf6
66. Rc7 Bb3 67. Kg3 Rd3+ 68. Kf2 Rh3 69. Rc8 Kg5 70. Rc5 Kf4 71. f6 Kxe4 0-1

[Event "13. Sparkassen Open 2014 - Gruppe B"]
[Site "Forchheim"]
[Date "2014.10.04"]
[Round "3.19"]
[White "Paeslack, Luis"]
[Black "Nixdorf, Andre"]
[Result "0-1"]
[WhiteElo "1815"]
[BlackElo "1996"]
[PlyCount "138"]
[EventDate "2014.??.??"]

1. e4 c5 2. c3 d5 3. exd5 Qxd5 4. d4 Nc6 5. Nf3 Bg4 6. dxc5 Qxd1+ 7. Kxd1 Nf6
8. Be2 e6 9. b4 O-O-O+ 10. Kc2 Be7 11. Be3 Nd5 12. Nbd2 Bf6 13. Bd4 Ndxb4+ 14.
cxb4 Bf5+ 15. Kb3 Nxd4+ 16. Nxd4 Bxd4 17. Raf1 Bxc5 18. Nc4 Be7 19. Rc1 Kb8 20.
a3 Rd4 21. Ne3 Be4 22. Rc4 Rxc4 23. Bxc4 Rd8 24. f3 Bd3 25. Rd1 Bxc4+ 26. Kxc4
Rxd1 27. Nxd1 Kc7 28. Nc3 a6 29. a4 f5 30. Ne2 Bd6 31. Nd4 Kd7 32. h3 g6 33. b5
h5 34. bxa6 bxa6 35. Ne2 Kc6 36. Nd4+ Kd7 37. Ne2 Be5 38. Nc1 Kc6 39. Nb3 Bd6
40. Nd4+ Kd7 41. Ne2 g5 42. Nd4 g4 43. hxg4 hxg4 44. fxg4 fxg4 45. Ne2 Bb8 46.
Kc5 Ba7+ 47. Kc4 Kd6 48. Kb4 Bb6 49. Kc4 Ke5 50. Kd3 Bf2 51. Nc1 Kd5 52. Ke2
Bc5 53. Kd3 e5 54. Ne2 e4+ 55. Kc3 Bd6 56. Kd2 Bc5 57. Kc3 a5 58. Nf4+ Ke5 59.
Ne2 Bb4+ 60. Kc4 Bd2 61. g3 Be1 62. Kb3 Kd5 63. Kc2 Kc4 64. Kd1 Bf2 65. Kc2 e3
66. Kb2 Kd3 67. Nf4+ Kd2 68. Kb3 Bxg3 69. Ng2 e2 0-1

[Event "13. Sparkassen Open 2014 - Gruppe B"]
[Site "Forchheim"]
[Date "2014.10.04"]
[Round "3.20"]
[White "Wawor, Gerhard"]
[Black "Askri, Samir"]
[Result "1-0"]
[WhiteElo "1908"]
[BlackElo "1865"]
[PlyCount "67"]
[EventDate "2014.??.??"]

1. d4 Nf6 2. c4 g6 3. f3 Bg7 4. e4 O-O 5. Be3 d6 6. Nc3 c5 7. Nge2 Nc6 8. d5
Ne5 9. Ng3 a6 10. a4 Qc7 11. Be2 e6 12. O-O exd5 13. cxd5 Re8 14. Qd2 Bd7 15.
a5 Reb8 16. h3 Be8 17. f4 Ned7 18. e5 dxe5 19. d6 Qd8 20. f5 b5 21. Bf3 Ra7 22.
b4 Rc8 23. fxg6 fxg6 24. Bg5 Bf7 25. Nd5 Bf8 26. Bg4 Bxd5 27. Rxf6 Nxf6 28.
Bxf6 Qxf6 29. Qxd5+ Kh8 30. Ne4 Qd8 31. Bxc8 Qxc8 32. bxc5 Rd7 33. Nf6 Rd8 34.
Qg8# 1-0

[Event "13. Sparkassen Open 2014 - Gruppe B"]
[Site "Forchheim"]
[Date "2014.10.04"]
[Round "3.22"]
[White "Walter, Manfred"]
[Black "Tong, Kevin"]
[Result "0-1"]
[WhiteElo "1753"]
[BlackElo "1798"]
[PlyCount "58"]
[EventDate "2014.??.??"]

1. e4 c5 2. d4 cxd4 3. Qxd4 Nc6 4. Qe3 g6 5. Bd2 Bg7 6. Nc3 Nf6 7. O-O-O d6 8.
f4 O-O 9. h3 a6 10. g4 b5 11. g5 Nd7 12. Nf3 Qa5 13. Kb1 b4 14. Ne2 Nc5 15.
Ned4 Be6 16. Nxe6 Nxe6 17. Bc4 Nc5 18. Bd5 Qb5 19. e5 Rac8 20. Bxc6 Qxc6 21.
Bxb4 Na4 22. Rd2 Rb8 23. c3 dxe5 24. Re1 exf4 25. Qe4 Nxc3+ 26. Bxc3 Qxc3 27.
Ree2 Rfc8 28. Rc2 Rxb2+ 29. Kc1 Rb1+ 0-1

[Event "13. Sparkassen Open 2014 - Gruppe B"]
[Site "Forchheim"]
[Date "2014.10.04"]
[Round "3.23"]
[White "Kölbl, Jonathan"]
[Black "Lober, Wolfgang"]
[Result "1-0"]
[WhiteElo "1891"]
[BlackElo "1711"]
[PlyCount "43"]
[EventDate "2014.??.??"]

1. e4 d5 2. exd5 Qxd5 3. Nf3 Nf6 4. d4 Bg4 5. Be2 e6 6. h3 Bh5 7. c4 Qd8 8. Nc3
c6 9. O-O Nbd7 10. d5 cxd5 11. cxd5 exd5 12. Nxd5 Bc5 13. Nxf6+ Nxf6 14. Bb5+
Kf8 15. Bg5 Qb6 16. Bxf6 Qxf6 17. Qd5 Qb6 18. Qxh5 Qxb5 19. Ne5 g6 20. Qf3 f5
21. Qc3 Rg8 22. a4 1-0

[Event "13. Sparkassen Open 2014 - Gruppe B"]
[Site "Forchheim"]
[Date "2014.10.04"]
[Round "3.24"]
[White "Pohl, Steffen"]
[Black "Novak, Josua"]
[Result "1-0"]
[WhiteElo "1772"]
[BlackElo "1937"]
[PlyCount "135"]
[EventDate "2014.??.??"]

1. e4 c5 2. d4 cxd4 3. c3 g6 4. Nf3 Bg7 5. cxd4 d5 6. exd5 Nf6 7. Bb5+ Nbd7 8.
d6 a6 9. Bxd7+ Qxd7 10. dxe7 Qxe7+ 11. Qe2 Qxe2+ 12. Kxe2 O-O 13. Re1 b5 14.
Bf4 Nd5 15. Be5 f6 16. Bg3 Nb4 17. Kd1 Bf5 18. Na3 Rac8 19. Bd6 Nd3 20. Re2
Rfd8 21. Bg3 Bg4 22. Nc2 Nxb2+ 23. Ke1 Nd3+ 24. Kf1 a5 25. Rd1 Nb2 26. Rb1 Na4
27. Rd2 Nc3 28. Rb2 b4 29. a3 Bh6 30. Ne3 bxa3 31. Nxg4 Bxd2 32. Rxd2 a2 33.
Nxf6+ Kf7 34. Rxa2 Nxa2 35. Ne4 Rc1+ 36. Ke2 a4 37. Nfg5+ Ke8 38. Nxh7 Rxd4 39.
Nhf6+ Kf7 40. Ke3 Rdd1 41. Be5 Nb4 42. Ng5+ Ke7 43. Kf3 a3 44. Nh3 a2 45. Nf4
Kf7 46. Kg4 Rc5 47. Bb2 Nd3 48. Nxd3 Rxd3 49. Ne4 Rc4 50. f3 Rb3 51. Bh8 Rbc3
52. Bxc3 Rxc3 53. Nxc3 a1=Q 54. Ne4 Qa2 55. Kg3 Kg7 56. h4 Qa5 57. Kf2 Qb6+ 58.
Kg3 Qc7+ 59. Kh3 Qf4 60. Ng5 Kf6 61. g3 Qc1 62. Kg4 Qc8+ 63. Kf4 Qc4+ 64. Ne4+
Kg7 65. Kg4 Qf1 66. Kf4 Kf7 67. Ng5+ Kf6 68. Ne4+ 1-0

[Event "13. Sparkassen Open 2014 - Gruppe B"]
[Site "Forchheim"]
[Date "2014.10.04"]
[Round "3.25"]
[White "Vinogradov, Anatoli"]
[Black "Fieberg, Christoph"]
[Result "1/2-1/2"]
[WhiteElo "1802"]
[BlackElo "1912"]
[PlyCount "163"]
[EventDate "2014.??.??"]

1. d4 d5 2. c4 c6 3. Nf3 Nf6 4. e3 g6 5. Nc3 Bg7 6. Bd3 O-O 7. b3 Nfd7 8. Bb2
dxc4 9. bxc4 e5 10. O-O Re8 11. Qc2 Na6 12. a3 exd4 13. exd4 Nf6 14. Ne5 Nh5
15. Ne2 c5 16. Nf3 Bg4 17. d5 Bxf3 18. gxf3 b6 19. Bxg7 Kxg7 20. Rad1 Qf6 21.
Be4 Re5 22. Qa4 Nf4 23. Ng3 Qh4 24. Kh1 Rxe4 25. fxe4 Qg4 26. f3 Qh3 27. Rf2
Nc7 28. d6 Nce6 29. d7 Nd4 30. Rxd4 cxd4 31. Qc6 Rd8 32. Qd6 Ne6 33. f4 Qg4 34.
f5 Nc5 35. Qxd4+ Kg8 36. f6 Qxd7 37. Qxd7 Rxd7 38. e5 Rd4 39. Rc2 Nd7 40. Kg2
Kf8 41. a4 Ke8 42. a5 Kd8 43. axb6 axb6 44. Kf2 Nxe5 45. c5 bxc5 46. Ke3 Ng4+
47. Ke2 c4 48. Nf1 Nxf6 49. Ne3 Rh4 50. Kf3 h5 51. Nxc4 Rh3+ 52. Kg2 Rb3 53.
Ne5 Ng4 54. Nxg4 hxg4 55. Rc4 Ke7 56. Rxg4 Kf6 57. Rf4+ Ke6 58. Ra4 Kf5 59.
Ra5+ Kf4 60. Ra4+ Kg5 61. Ra5+ f5 62. Ra6 Kh5 63. Ra5 Re3 64. Rb5 Kg4 65. Rb4+
Re4 66. Rb2 Re3 67. Rf2 f4 68. Rd2 g5 69. Rc2 f3+ 70. Kf1 Kh3 71. Rc5 Kh4 72.
h3 Re2 73. Rf5 Re3 74. Kf2 Ra3 75. Kf1 Rb3 76. Kf2 g4 77. hxg4 Kxg4 78. Rf8
Rb2+ 79. Kf1 Kg3 80. Rg8+ Kf4 81. Rf8+ Ke3 82. Re8+ 1/2-1/2

[Event "13. Sparkassen Open 2014 - Gruppe B"]
[Site "Forchheim"]
[Date "2014.10.04"]
[Round "3.26"]
[White "Glawe, Ralf"]
[Black "Braun, Kristin"]
[Result "1-0"]
[WhiteElo "1996"]
[BlackElo "1793"]
[PlyCount "55"]
[EventDate "2014.??.??"]

1. e4 d5 2. exd5 Nf6 3. d4 Nxd5 4. c4 Nf6 5. Nf3 g6 6. Nc3 Bg7 7. c5 Nd5 8. Bc4
Be6 9. Qb3 Nxc3 10. Bxe6 fxe6 11. bxc3 Qd5 12. O-O Bf6 13. c4 Qc6 14. d5 exd5
15. cxd5 Qa6 16. Bb2 Nd7 17. Bxf6 Nxf6 18. Ng5 Rd8 19. d6 cxd6 20. Qf7+ Kd7 21.
cxd6 Kxd6 22. Rac1 Ke5 23. Rc5+ Kf4 24. Re1 Qd3 25. g3+ Kg4 26. Qe6+ Qf5 27.
Rxf5 gxf5 28. Nf7 1-0

[Event "13. Sparkassen Open 2014 - Gruppe B"]
[Site "Forchheim"]
[Date "2014.10.04"]
[Round "3.28"]
[White "Schwab, Edgar"]
[Black "Rosenhain, Thomas"]
[Result "1-0"]
[WhiteElo "1930"]
[BlackElo "1621"]
[PlyCount "57"]
[EventDate "2014.??.??"]

1. d4 Nf6 2. c4 g6 3. Nc3 Bg7 4. e4 d6 5. Nf3 O-O 6. Be2 c5 7. d5 Ng4 8. h3 Ne5
9. Nxe5 Bxe5 10. Bh6 Re8 11. O-O Nd7 12. Qc2 Nf8 13. Bd3 e6 14. f4 Bd4+ 15. Kh1
f5 16. Nb5 fxe4 17. Bxe4 Bf6 18. dxe6 a6 19. Nc3 Bxe6 20. Nd5 Bxd5 21. Bxd5+
Kh8 22. Rae1 Qd7 23. b3 Ne6 24. g4 Re7 25. f5 Nd4 26. Rxe7 Qxe7 27. Qg2 g5 28.
h4 gxh4 29. g5 1-0

[Event "13. Sparkassen Open 2014 - Gruppe B"]
[Site "Forchheim"]
[Date "2014.10.04"]
[Round "3.29"]
[White "Krenz, Sarah"]
[Black "Tschammer, Kai"]
[Result "1-0"]
[WhiteElo "1992"]
[BlackElo "1668"]
[PlyCount "81"]
[EventDate "2014.??.??"]

1. d4 d5 2. Nf3 Nf6 3. c4 dxc4 4. g3 e6 5. Bg2 Be7 6. Qa4+ Bd7 7. Qxc4 O-O 8.
Ne5 c6 9. O-O Nd5 10. e4 Nb6 11. Qc2 f6 12. Nd3 f5 13. Nc3 Be8 14. Ne2 Bh5 15.
Nef4 Bf7 16. Be3 N8d7 17. Rfd1 Nf6 18. Nc5 Qc8 19. Rac1 Re8 20. exf5 exf5 21.
Nxb7 Nc4 22. Nc5 Bxc5 23. dxc5 Nxe3 24. fxe3 Rxe3 25. Re1 Rxe1+ 26. Rxe1 Rb8
27. b3 Qd7 28. Rd1 Qe8 29. Qxf5 Bh5 30. Nxh5 Nxh5 31. Qe4 Qxe4 32. Bxe4 Rc8 33.
Rd6 Nf6 34. Bxc6 Kf8 35. b4 Ke7 36. a4 Rb8 37. b5 Rc8 38. Kg2 Ne8 39. Rd7+ Kf8
40. Rxa7 Nc7 41. Kf3 1-0

[Event "13. Sparkassen Open 2014 - Gruppe B"]
[Site "Forchheim"]
[Date "2014.10.04"]
[Round "3.31"]
[White "Effenberg, Michael"]
[Black "Gebhardt, Christian"]
[Result "1-0"]
[WhiteElo "1653"]
[BlackElo "1845"]
[PlyCount "37"]
[EventDate "2014.??.??"]

1. d4 d5 2. c4 c6 3. e3 Nf6 4. Nc3 e6 5. Nf3 Bd6 6. Bd3 O-O 7. O-O Nbd7 8. Re1
dxc4 9. Bxc4 e5 10. Qc2 exd4 11. exd4 h6 12. Bxh6 gxh6 13. Qg6+ Kh8 14. Qxh6+
Kg8 15. Ng5 Bf4 16. Qg6+ Kh8 17. Nxf7+ Rxf7 18. Bxf7 Nf8 19. Re8 1-0

[Event "13. Sparkassen Open 2014 - Gruppe B"]
[Site "Forchheim"]
[Date "2014.10.04"]
[Round "3.32"]
[White "Schulz, Horst"]
[Black "Rierl, Klaus"]
[Result "1/2-1/2"]
[WhiteElo "1728"]
[BlackElo "1793"]
[PlyCount "25"]
[EventDate "2014.??.??"]

1. d4 d5 2. e3 Nf6 3. Bd3 e6 4. f4 c5 5. c3 c4 6. Bc2 b5 7. Nf3 Bb7 8. Ne5 Be7
9. O-O Nbd7 10. Nd2 O-O 11. Qf3 Ne8 12. e4 Ndf6 13. exd5 1/2-1/2

[Event "13. Sparkassen Open 2014 - Gruppe B"]
[Site "Forchheim"]
[Date "2014.10.04"]
[Round "3.33"]
[White "Pribylova, Sofie"]
[Black "Schütz, Robert"]
[Result "0-1"]
[WhiteElo "1775"]
[BlackElo "1743"]
[PlyCount "100"]
[EventDate "2014.??.??"]

1. d4 d5 2. Bf4 Nf6 3. e3 c5 4. c3 Qb6 5. Qc2 e6 6. Nf3 Nc6 7. Nbd2 Bd7 8. Bd3
Be7 9. O-O-O cxd4 10. exd4 Nb4 11. Qb1 Nxd3+ 12. Qxd3 Rc8 13. Ne5 Ba4 14. b3
Qb4 15. Kb2 Qb6 16. Ka1 Bb5 17. c4 dxc4 18. Ndxc4 Qa6 19. Qg3 Nh5 20. Qg4 Nxf4
21. Qxf4 O-O 22. d5 Bxc4 23. Nxc4 Bf6+ 24. Kb1 b5 25. Nd6 e5 26. Qb4 Be7 27.
Qxb5 Qxd6 28. Rc1 Bg5 29. Rc6 Rxc6 30. dxc6 Rc8 31. h4 Bd8 32. Rc1 Bb6 33. f3
h5 34. Qc4 Qd4 35. Qa6 Rc7 36. Qc4 Qxc4 37. Rxc4 a5 38. a3 Kf8 39. b4 axb4 40.
axb4 Ke7 41. Kc2 Kd6 42. Kd3 Rxc6 43. Rxc6+ Kxc6 44. Ke4 Bf2 45. Kxe5 Bxh4 46.
g4 hxg4 47. fxg4 Bf6+ 48. Kf5 Kb5 49. g5 Bxg5 50. Kxg5 Kxb4 0-1

[Event "13. Sparkassen Open 2014 - Gruppe B"]
[Site "Forchheim"]
[Date "2014.10.04"]
[Round "3.34"]
[White "Heiler, Karl"]
[Black "Kornitzky, Tino"]
[Result "1-0"]
[WhiteElo "1846"]
[BlackElo "1551"]
[PlyCount "67"]
[EventDate "2014.??.??"]

1. e4 e6 2. d4 d5 3. Nd2 Nf6 4. e5 Nfd7 5. Ngf3 c5 6. c3 Nc6 7. Bd3 Qc7 8. O-O
cxd4 9. cxd4 Be7 10. Re1 f6 11. exf6 Nxf6 12. Nb3 O-O 13. Bg5 Bd6 14. Rc1 Bf4
15. Bxf4 Qxf4 16. Nc5 Re8 17. Bb5 a6 18. Bxc6 bxc6 19. Qa4 Nd7 20. Qxc6 Ra7 21.
Nxe6 Qh6 22. Qxd5 Nb6 23. Neg5+ Be6 24. Qc6 Rae7 25. Qxb6 Qg6 26. Nxe6 Qh6 27.
d5 Qh5 28. Qd6 Qf7 29. h3 Ra8 30. Ne5 Qf6 31. Rc3 Rae8 32. Rf3 Qh6 33. Qxe7
Rxe7 34. Rf8# 1-0

[Event "13. Sparkassen Open 2014 - Gruppe B"]
[Site "Forchheim"]
[Date "2014.10.04"]
[Round "3.35"]
[White "Roser, Ludwig"]
[Black "Rieck, Timo"]
[Result "1-0"]
[WhiteElo "1837"]
[BlackElo "1760"]
[PlyCount "77"]
[EventDate "2014.??.??"]

1. d4 Nf6 2. Nf3 e6 3. e3 c5 4. c3 d5 5. Bd3 Nc6 6. Nbd2 Bd6 7. dxc5 Bxc5 8.
O-O O-O 9. e4 Qc7 10. exd5 exd5 11. Nb3 Bb6 12. h3 Ne4 13. Nbd4 f5 14. Qb3 Qf7
15. Bf4 Nxd4 16. cxd4 h6 17. Rad1 g5 18. Be5 Be6 19. Nd2 Rac8 20. f3 Nf6 21.
Kh1 f4 22. Bb1 Nh5 23. Rfe1 Ng3+ 24. Kh2 Ba5 25. Qa3 Bxd2 26. Rxd2 Rc6 27. Bd3
a6 28. b3 Rfc8 29. Qb2 Qh5 30. Qb1 Kf7 31. Rc2 Nf5 32. Rxc6 Rxc6 33. Bxf5 Qh4
34. Bxe6+ Rxe6 35. Qh7+ Ke8 36. Rg1 Qg3+ 37. Kh1 g4 38. fxg4 Rxe5 39. Qh8+ 1-0

[Event "13. Sparkassen Open 2014 - Gruppe B"]
[Site "Forchheim"]
[Date "2014.10.04"]
[Round "3.36"]
[White "Ott, Hans"]
[Black "Schmitz, Tim"]
[Result "0-1"]
[WhiteElo "1597"]
[BlackElo "1865"]
[PlyCount "160"]
[EventDate "2014.??.??"]

1. e4 c5 2. Nf3 d6 3. d4 cxd4 4. Nxd4 Nf6 5. Nc3 a6 6. Be2 e5 7. Nf3 Be7 8. O-O
O-O 9. h3 Qc7 10. Be3 Be6 11. Nd5 Nxd5 12. exd5 Bf5 13. Rc1 Nd7 14. Qd2 Nc5 15.
Qc3 Rac8 16. Bxc5 Qxc5 17. Qxc5 Rxc5 18. c4 Rfc8 19. b4 R5c7 20. Rfd1 a5 21. a3
b6 22. Nd2 Bg5 23. Rc3 Bf6 24. Rf3 Bg6 25. Re3 Bg5 26. Rc3 f5 27. g3 Bf6 28.
Rcc1 Be8 29. Nb1 Ba4 30. Rd2 Bg5 31. f4 exf4 32. h4 f3 33. hxg5 fxe2 34. Rxe2
Rxc4 35. Rxc4 Rxc4 36. Nd2 Rc2 37. bxa5 bxa5 38. Rf2 g6 39. Kg2 Bb5 40. Nb3
Rxf2+ 41. Kxf2 a4 42. Nd4 Bc4 43. Ke3 Kf7 44. Kd2 Bxd5 45. Nb5 Ke6 46. Nc3 Bb3
47. Ke3 Ke5 48. Nb5 Kd5 49. Nc7+ Kc5 50. Ne8 d5 51. Nf6 Kc4 52. Kd2 d4 53. Nxh7
Kc5 54. Nf8 Bf7 55. Nd7+ Kd6 56. Nf6 Bc4 57. Nh7 Ke5 58. Nf8 Bf7 59. Nd7+ Kd6
60. Nf6 Kc5 61. Nd7+ Kb5 62. Ne5 Be8 63. Kc2 Kc5 64. Nd3+ Kd5 65. Nf2 Bb5 66.
Kd2 Kc4 67. Kc2 Bc6 68. g4 Be4+ 69. Kb2 d3 70. gxf5 Bxf5 71. Nd1 d2 72. Nf2 Kd4
73. Nd1 Kd3 74. Nc3 Ke3 75. Ka1 Kf2 76. Kb2 Ke1 77. Ka1 d1=Q+ 78. Nxd1 Kxd1 79.
Kb2 Kd2 80. Ka1 Ke3 0-1

[Event "13. Sparkassen Open 2014 - Gruppe B"]
[Site "Forchheim"]
[Date "2014.10.04"]
[Round "3.37"]
[White "Goda, Frederic"]
[Black "Meckel, Helmut"]
[Result "1-0"]
[WhiteElo "1718"]
[BlackElo "1832"]
[PlyCount "125"]
[EventDate "2014.??.??"]

1. d4 e6 2. c4 Nf6 3. Nc3 Bb4 4. a3 Bxc3+ 5. bxc3 c5 6. f3 Qa5 7. Bd2 Nc6 8. e4
d6 9. Qb3 Qc7 10. Be3 b6 11. Bd3 O-O 12. Ne2 cxd4 13. cxd4 Na5 14. Qc3 Ba6 15.
c5 Bxd3 16. Qxd3 dxc5 17. dxc5 bxc5 18. O-O Rfd8 19. Qc3 Nd7 20. Rfd1 c4 21.
Bf4 Qb6+ 22. Be3 Qb3 23. Qc1 Nb6 24. Nd4 Qa4 25. Rb1 Nc6 26. Nb5 e5 27. Nxa7
Rxd1+ 28. Qxd1 Qxd1+ 29. Rxd1 Nd4 30. Nc6 Rxa3 31. Nxe5 Rxe3 32. Rxd4 Kf8 33.
Nxc4 Nxc4 34. Rxc4 Ke7 35. Kf2 Rd3 36. Ke2 Rd7 37. Ke3 Rd6 38. Rd4 Ra6 39. Rd2
g5 40. g4 Rf6 41. Rd5 Rh6 42. Rxg5 Rxh2 43. Rh5 Ra2 44. Rxh7 Kf6 45. Rh5 Kg6
46. Rd5 Ra6 47. Kf4 Rf6+ 48. Rf5 Ra6 49. g5 Rb6 50. Kg4 Re6 51. e5 Re8 52. Rf6+
Kg7 53. Kf5 Ra8 54. f4 Ra5 55. g6 fxg6+ 56. Rxg6+ Kf7 57. Rh6 Kg7 58. Rb6 Ra4
59. Kg5 Kf7 60. f5 Ra7 61. e6+ Kf8 62. Kf6 Rf7+ 63. Ke5 1-0

[Event "13. Sparkassen Open 2014 - Gruppe B"]
[Site "Forchheim"]
[Date "2014.10.04"]
[Round "3.38"]
[White "Rosenhain, Rachela"]
[Black "Meth, Matthias"]
[Result "1-0"]
[WhiteElo "1757"]
[BlackElo "1504"]
[PlyCount "85"]
[EventDate "2014.??.??"]

1. e4 c6 2. Nc3 d5 3. Nf3 g6 4. e5 Bg4 5. d4 e6 6. h3 Bxf3 7. Qxf3 Bg7 8. Be3
Ne7 9. Bd3 Nd7 10. Qd1 Nb6 11. Qc1 Qc7 12. Ne2 O-O 13. Bh6 c5 14. Bxg7 Kxg7 15.
c3 c4 16. Bc2 Nd7 17. O-O b5 18. Qg5 Ng8 19. Nf4 Qd8 20. Qg3 Qe7 21. h4 Rfe8
22. Kh2 Nf8 23. Rh1 a5 24. Kg1 b4 25. h5 Ra7 26. hxg6 fxg6 27. f3 bxc3 28. bxc3
Rb8 29. Nh5+ Kf7 30. Qf4+ Ke8 31. Nf6+ Nxf6 32. exf6 Qd8 33. Ba4+ Kf7 34. g4
Rab7 35. g5 Rb1+ 36. Kg2 R8b2+ 37. Kg3 Rxh1 38. Rxh1 Rxa2 39. Bc6 a4 40. Rb1
Qc8 41. Rb7+ Qxb7 42. Bxb7 Rb2 43. Qc7+ 1-0